| 000 | 00673nam a2200205 4500 | ||
|---|---|---|---|
| 001 | 110020 | ||
| 003 | ES-MaACL | ||
| 005 | 20230906184949.0 | ||
| 007 | t| | ||
| 008 | 061121s1952 sp r ||||1| spa d | ||
| 100 | 1 |
_aOppenheim, E. Phillips ( _d1866-1946) _987130 |
|
| 245 | 1 | 0 |
_aMandato del destino=( the world' s great snare) / _cEdward Phillips Oppenheim ; traducción de Eduardo S. Bonnet. |
| 260 |
_aBarcelona : _bCervantes, _c1952. |
||
| 300 |
_a254 p. ; _c17 cm. |
||
| 490 | 1 |
_aObras completas ; _vLXIV |
|
| 700 | 1 |
_aBonnet, Eduardo S. _930260 |
|
| 830 | 0 |
_aObras completas ; _vLXIV _9176447 |
|
| 852 |
_aES-MaACL _jD-9210 _bR.33953 |
||
| 999 |
_c110020 _d110020 |
||